| 000 | 00513nam a22001817a 4500 | ||
|---|---|---|---|
| 003 | 0 | ||
| 005 | 20230814075510.0 | ||
| 008 | 230814b xxu||||| |||| 00| 0 eng d | ||
| 020 | _a978-971-9654-11-7 | ||
| 050 |
_aHD 69 _b.F55 2020 |
||
| 100 | _aFlores, Marivic F. | ||
| 245 |
_aProject management _cMarivic F. Flores |
||
| 260 |
_aManila _bUnlimited Books _c2020 |
||
| 300 |
_aviii, 372 pp. ; _c25 cm. |
||
| 504 | _aIncludes bibliographical references. | ||
| 650 | _aProject management. | ||
| 942 |
_2lcc _cBK |
||
| 999 |
_c365144 _d365144 |
||